000 00620nam a2200217Ia 4500
008 220216s9999 xx 000 0 und d
100 _aKhakimullin Yu N
245 0 _aRubber coatings for roofing materials based on ethylene-propylene rubbers
260 _bInternational Polymer Science and Technology
_c2002
300 _a41-44
650 _aEthylene-propylene rubbers
650 _aRoofing material
650 _aRubber coatings
700 _aIsmagilova V Kh
700 _aKhozin V G
700 _aKimelblat V I
700 _aKurkin A I
700 _aSaburov V Yu
700 _aVolfson S I
942 _cJS
999 _c67523
_d67523